Football Legends - Statistics

General Stats
  • This quiz has been taken 408 times
  • The average score is 11 of 15
Answer Stats
Club Country Goals Answer % Correct
Real Madrid Portugal 619 Cristiano Ronaldo
98%
Santos Brazil 727 Pele
98%
Real Madrid Brazil 247 Ronaldo
98%
Barcelona Argentina 586 Lionel Messi
97%
Napoli Argentina 293 Diego Maradona
93%
Real Madrid France 130 Zinedine Zidane
85%
Budapest Honvèd Hungary 592 Ferenc Puskás
76%
Ajax Netherlands 323 Johan Cruyff
74%
Barcelona Brazil 200 Ronaldinho
72%
Manchester United Northern Ireland 216 George Best
68%
Milan Italy 36 Paulo Maldini
63%
Ajax Netherlands 242 Marco van Basten
43%
Bayern Munich Germany 97 Franz Beckenbauer
38%
Real Madrid Spain 388 Alfredo Di Stéfano
34%
Flamengo Brazil 240 Zico
21%
No matching quizzes found
Score Distribution
Percent of People with Each Score
Percentile by Number Answered
Your Score History
You have not taken this quiz